[Event "Landesklasse Ost 2012/2013"]
[Site "?"]
[Date "2012.09.23"]
[Round "1"]
[White "Walter, Bernd"]
[Black "Latka, Robert"]
[Result "1/2-1/2"]
[WhiteElo "1812"]
[BlackElo "1698"]
[PlyCount "78"]
[EventDate "2012.??.??"]
[WhiteTeam "SG Arnstadt-Stadtilm"]
[BlackTeam "SSV Vimaria 91 Weimar"]

1. e4 c5 2. Nf3 Nc6 3. Bb5 e6 4. Bxc6 bxc6 5. d3 d5 6. c4 Nf6 7. e5 Nd7 8. O-O
Be7 9. Qe2 O-O 10. Nc3 Re8 11. h3 f6 12. Bf4 fxe5 13. Nxe5 Nxe5 14. Bxe5 Bd6
15. f4 Ba6 16. b3 Qc7 17. Na4 Rad8 18. Kh1 Qa5 19. Bxd6 Rxd6 20. Qe3 dxc4 21.
Qxc5 Rd5 22. Qxc6 Bb5 23. Qb7 cxd3 24. Nb2 Qb6 25. Qxb6 axb6 26. Rf2 Rc8 27.
Rd2 Rc2 28. Rad1 Kf7 29. a4 Ba6 30. b4 Kf6 31. b5 Bb7 32. Nxd3 Rxd2 33. Rxd2
Rd4 34. Kg1 Rxa4 35. g3 Bd5 36. Ne5 Rb4 37. Nd7+ Ke7 38. Nxb6 Rxb5 39. Nxd5+
Rxd5 1/2-1/2

[Event "Landesklasse Ost 2012/2013"]
[Site "?"]
[Date "2012.09.23"]
[Round "1"]
[White "Manicke, Hans-Joachim"]
[Black "Sack, Matthias"]
[Result "1/2-1/2"]
[WhiteElo "1917"]
[BlackElo "1964"]
[PlyCount "31"]
[EventDate "2012.??.??"]
[WhiteTeam "VfL 1990 Gera"]
[BlackTeam "SV Hermsdorf"]

1. b4 e5 2. Bb2 Bxb4 3. Bxe5 Nf6 4. e3 Nc6 5. Bb2 d5 6. Nf3 O-O 7. Be2 Ne4 8.
O-O Be6 9. d3 Nf6 10. Nbd2 Qe7 11. a3 Bd6 12. c4 Rad8 13. Qc2 Bg4 14. cxd5 Nxd5
15. Nc4 Rfe8 16. Rfe1 1/2-1/2

[Event "Landesklasse Ost 2012/2013"]
[Site "?"]
[Date "2012.09.23"]
[Round "1"]
[White "Hadlich, Gerald"]
[Black "Katzer, Michael"]
[Result "1-0"]
[WhiteElo "1806"]
[BlackElo "1876"]
[PlyCount "167"]
[EventDate "2012.??.??"]
[WhiteTeam "SV Hermsdorf"]
[BlackTeam "VfL 1990 Gera"]

1. e4 g6 2. d4 Bg7 3. Nc3 d6 4. Be3 a6 5. Qd2 Nd7 6. Nf3 h6 7. Bd3 e6 8. O-O-O
b5 9. d5 e5 10. Kb1 Ne7 11. g4 Nb6 12. h3 b4 13. Ne2 a5 14. Bb5+ Bd7 15. Qd3
Rb8 16. Bxd7+ Qxd7 17. Nd2 Na4 18. Nb3 Ra8 19. f3 O-O 20. h4 Rfb8 21. h5 g5 22.
Rh2 f6 23. Nec1 Nc8 24. Ka1 Bf8 25. Nd2 Na7 26. Bxa7 Rxa7 27. Ndb3 Qe8 28. Ne2
Nb6 29. Nec1 a4 30. Nd2 Nd7 31. Qe3 Ra5 32. Nc4 Rc5 33. b3 axb3 34. cxb3 Ra8
35. Qd2 Qb8 36. Nd3 Rb5 37. Rb1 Be7 38. Rb2 Qa7 39. Kb1 Rab8 40. Rc2 Bd8 41.
Rg2 Nc5 42. Nxc5 Rxc5 43. Qc1 Qa6 44. Qd2 Kh7 45. Rg1 Rbb5 46. Rgc1 Qb7 47. Ne3
Be7 48. Rxc5 dxc5 49. Nc4 Bd6 50. Kb2 Qa7 51. Ra1 Qb7 52. a4 bxa3+ 53. Rxa3 Rb4
54. Kc2 Qb5 55. Qc3 Kg7 56. Ra5 Qb8 57. Qb2 Rb5 58. Qa3 Rxa5 59. Qxa5 Qb7 60.
Qa4 Qc8 61. Qc6 Qd8 62. Na5 Qb8 63. Qb7 Qe8 64. Nc6 Kf7 65. Qb8 Qd7 66. Qd8 Qe8
67. Qxe8+ Kxe8 68. Kd3 Kd7 69. Kc4 Kc8 70. Kb5 Kb7 71. Na5+ Ka7 72. Kc6 Ka6 73.
Nc4 Bf8 74. Kxc7 Kb5 75. d6 Kb4 76. d7 Be7 77. d8=Q Bxd8+ 78. Kxd8 Kxb3 79. Nd6
c4 80. Nxc4 Kxc4 81. Ke7 Kd3 82. Kxf6 Ke3 83. Kxe5 Kxf3 84. Kf5 1-0

[Event "Landesklasse Ost 2012/2013"]
[Site "?"]
[Date "2012.09.23"]
[Round "1"]
[White "Seidens, Gunter"]
[Black "Moje, Hans-Jürgen"]
[Result "1-0"]
[WhiteElo "2004"]
[BlackElo "1782"]
[PlyCount "105"]
[EventDate "2012.??.??"]
[WhiteTeam "VfL 1990 Gera"]
[BlackTeam "SV Hermsdorf"]

1. d4 d5 2. Nf3 Nc6 3. e3 Nf6 4. c4 e6 5. Nc3 g6 6. b3 Bg7 7. Ba3 Ne7 8. Bd3
O-O 9. O-O b6 10. cxd5 exd5 11. Rc1 Bb7 12. Qe2 Re8 13. Nb5 Nc6 14. Ne5 Nxe5
15. dxe5 Rxe5 16. Rxc7 Bc8 17. Bb2 Re7 18. Rfc1 Be6 19. Rxe7 Qxe7 20. Rc7 Qd8
21. Rxa7 Rxa7 22. Nxa7 Qa8 23. Bxf6 Bxf6 24. Nb5 Qc6 25. Qc2 Qc5 26. Kf1 Bd7
27. Qxc5 bxc5 28. Na3 Kf8 29. Ke2 Ke7 30. Kd2 Kd6 31. Nb1 Bc6 32. g3 h5 33. Nc3
d4 34. Nd1 Bf3 35. Be2 Bd5 36. Bc4 Bxc4 37. bxc4 Kc6 38. h3 Bg7 39. g4 hxg4 40.
hxg4 f5 41. f3 Bh6 42. Kd3 Bg7 43. exd4 cxd4 44. Nf2 Kc5 45. Nh3 fxg4 46. fxg4
Bf6 47. Nf4 g5 48. Ne6+ Kb4 49. Nxd4 Ka3 50. Nb5+ Kxa2 51. c5 Kb3 52. c6 Be5
53. Ke4 1-0

[Event "Landesklasse Ost 2012/2013"]
[Site "?"]
[Date "2012.09.23"]
[Round "1"]
[White "Pietzsch, Gerhard"]
[Black "Huster, Mike"]
[Result "1/2-1/2"]
[WhiteElo "1804"]
[BlackElo "1913"]
[PlyCount "30"]
[EventDate "2012.??.??"]
[WhiteTeam "SV Hermsdorf"]
[BlackTeam "VfL 1990 Gera"]

1. e4 d5 2. exd5 Nf6 3. d4 Nxd5 4. c4 Nb6 5. Nc3 e5 6. Be3 exd4 7. Qxd4 Qxd4 8.
Bxd4 c5 9. Be3 Be6 10. b3 Be7 11. Nf3 O-O 12. Be2 Nc6 13. O-O Bf6 14. Rac1 Nd7
15. Rfd1 Rfd8 1/2-1/2

[Event "Landesklasse Ost 2012/2013"]
[Site "?"]
[Date "2012.09.23"]
[Round "1"]
[White "Kretzschmar, Bernd"]
[Black "Markowski, Erhard"]
[Result "1-0"]
[WhiteElo "1862"]
[BlackElo "1713"]
[PlyCount "95"]
[EventDate "2012.??.??"]
[WhiteTeam "VfL 1990 Gera"]
[BlackTeam "SV Hermsdorf"]

1. e4 c5 2. Nf3 Nc6 3. b3 e5 4. Bb2 d6 5. Bb5 Nge7 6. O-O a6 7. Bxc6+ bxc6 8.
c3 Ng6 9. d4 Be7 10. dxe5 dxe5 11. Qxd8+ Bxd8 12. c4 f6 13. Nc3 Be7 14. Na4 Nf4
15. Ba3 Ne6 16. Rad1 Rb8 17. Rd2 Kf7 18. Rfd1 Rd8 19. Rxd8 Nxd8 20. Bxc5 Ne6
21. Bxe7 Kxe7 22. Kf1 Bd7 23. Ne1 Be8 24. Nc2 Bg6 25. f3 Be8 26. Ne3 g6 27. Nc2
Bf7 28. g3 Rb7 29. Ke2 Rb8 30. Rd3 a5 31. Kd2 g5 32. c5 h5 33. Ne3 Bg6 34. Nc4
g4 35. Nxa5 Be8 36. fxg4 hxg4 37. a3 Nd4 38. b4 Rd8 39. Nb2 Ke6 40. Nac4 Nf3+
41. Ke2 Nd4+ 42. Kf2 Bg6 43. Nd6 Rb8 44. Nbc4 Ra8 45. Ne3 f5 46. exf5+ Nxf5 47.
Ndxf5 Bxf5 48. Rd6+ 1-0

[Event "Landesklasse Ost 2012/2013"]
[Site "?"]
[Date "2012.09.23"]
[Round "1"]
[White "Pietsch, Karsten"]
[Black "Fijalkowski, Jürgen"]
[Result "1/2-1/2"]
[WhiteElo "1661"]
[BlackElo "1811"]
[PlyCount "45"]
[EventDate "2012.??.??"]
[WhiteTeam "SV Hermsdorf"]
[BlackTeam "VfL 1990 Gera"]

1. d4 d5 2. c4 e6 3. Nf3 Nf6 4. Bg5 Be7 5. e3 O-O 6. Nc3 Nbd7 7. Rc1 Re8 8. Bd3
dxc4 9. Bxc4 Nb6 10. Bb3 Nbd5 11. O-O Nxc3 12. bxc3 b6 13. Bxf6 Bxf6 14. e4 Bb7
15. e5 Be7 16. Nd2 c5 17. Qg4 cxd4 18. cxd4 Rc8 19. Ne4 Kh8 20. Ng3 Qd7 21. Ne2
Bd5 22. Qh3 Bxb3 23. Qxb3 1/2-1/2

[Event "Landesklasse Ost 2012/2013"]
[Site "?"]
[Date "2012.09.23"]
[Round "1"]
[White "Schönfeld, Volker"]
[Black "Plötner, Jens"]
[Result "1/2-1/2"]
[WhiteElo "1878"]
[BlackElo "1716"]
[PlyCount "76"]
[EventDate "2012.??.??"]
[WhiteTeam "VfL 1990 Gera"]
[BlackTeam "SV Hermsdorf"]

1. e4 c6 2. c4 d5 3. exd5 cxd5 4. cxd5 Qxd5 5. Nc3 Qd8 6. d4 e6 7. Nf3 Nf6 8.
Bc4 a6 9. a4 Bb4 10. O-O O-O 11. Bg5 Nc6 12. Rc1 Be7 13. Qd2 Nb4 14. Ne5 Nbd5
15. Bxf6 Bxf6 16. Ne4 Qe7 17. Ng4 Bh4 18. Ne3 f5 19. Nxd5 exd5 20. Bxd5+ Kh8
21. Nc3 f4 22. Bf3 g5 23. Rfe1 Qg7 24. Nd5 g4 25. Rc7 Bd7 26. Be4 g3 27. f3
gxh2+ 28. Kh1 Bxe1 29. Qxe1 Rf7 30. Qc3 Rg8 31. Qd2 Qg3 32. Rxd7 Rxd7 33. Nf6
Rgd8 34. Nxd7 Rxd7 35. d5 Rd6 36. Qc3+ Kg8 37. Qc8+ Kf7 38. Qc7+ Ke8 1/2-1/2

[Event "Landesklasse Ost 2012/2013"]
[Site "?"]
[Date "2012.09.23"]
[Round "1"]
[White "Sacher, Meik"]
[Black "Piontek, Michael"]
[Result "1/2-1/2"]
[WhiteElo "1933"]
[BlackElo "1833"]
[PlyCount "54"]
[EventDate "2012.??.??"]
[WhiteTeam "SV Hermsdorf"]
[BlackTeam "VfL 1990 Gera"]

1. e4 e6 2. d4 d5 3. Nd2 Nf6 4. e5 Nfd7 5. f4 c5 6. c3 Nc6 7. Ndf3 Qb6 8. Ne2
Be7 9. g3 O-O 10. Bh3 a5 11. O-O Qc7 12. f5 exf5 13. Bxf5 Nb6 14. Qd3 Bxf5 15.
Qxf5 cxd4 16. Nexd4 Nxd4 17. Nxd4 Bc5 18. e6 fxe6 19. Qxe6+ Kh8 20. Bf4 Qd7 21.
Kg2 Rae8 22. Qxd7 Nxd7 23. Rae1 Bxd4 24. cxd4 Nf6 25. Bd6 Rxe1 26. Rxe1 Rc8 27.
Re2 Ne4 1/2-1/2

[Event "Landesklasse Ost 2012/2013"]
[Site "?"]
[Date "2012.11.04"]
[Round "2"]
[White "Brüggemann, Joachim"]
[Black "Sack, Matthias"]
[Result "1-0"]
[WhiteElo "2293"]
[BlackElo "1964"]
[PlyCount "111"]
[EventDate "2012.??.??"]
[WhiteTeam "Erfurter Schachklub"]
[BlackTeam "SV Hermsdorf"]

1. e4 c5 2. Nf3 Nc6 3. d4 cxd4 4. Nxd4 g6 5. Nc3 Bg7 6. Be3 Nf6 7. Bc4 Qa5 8.
O-O O-O 9. Bb3 d6 10. h3 Qh5 11. Re1 Qxd1 12. Raxd1 Nxd4 13. Bxd4 Be6 14. Bxe6
fxe6 15. e5 dxe5 16. Bxe5 Rfd8 17. Nb5 Kf7 18. c3 Ne8 19. Nd4 Bxe5 20. Rxe5 Rd5
21. Rde1 Rxe5 22. Rxe5 Rd8 23. f4 Nc7 24. Kf2 Rd5 25. Re2 Kf6 26. g4 h6 27. h4
Kf7 28. Nf3 Rd1 29. c4 Kf6 30. g5+ hxg5 31. hxg5+ Kf7 32. Rc2 Na6 33. Ke2 Rh1
34. a3 Nc5 35. b4 Nd7 36. Rd2 Ke8 37. c5 a6 38. Rd3 Rb1 39. Kd2 Rf1 40. Ke2 Rb1
41. Nd2 Rb2 42. Kd1 e5 43. Kc1 Ra2 44. Kb1 e4 45. Nxe4 Re2 46. Nc3 Rf2 47. Rd4
Nb8 48. Re4 Nc6 49. Nd5 Rd2 50. Nc7+ Kd7 51. Ne6 Ke8 52. a4 a5 53. b5 Nb4 54.
Rd4 Rf2 55. f5 Na2 56. Rd8+ 1-0

[Event "Landesklasse Ost 2012/2013"]
[Site "?"]
[Date "2012.11.04"]
[Round "2"]
[White "Hadlich, Gerald"]
[Black "Streltsyn, Grygoriy"]
[Result "1/2-1/2"]
[WhiteElo "1806"]
[BlackElo "2110"]
[PlyCount "91"]
[EventDate "2012.??.??"]
[WhiteTeam "SV Hermsdorf"]
[BlackTeam "Erfurter Schachklub"]

1. e4 d6 2. d4 Nf6 3. Nc3 g6 4. Be3 Bg7 5. Qd2 Ng4 6. Bg5 h6 7. Bh4 g5 8. Bg3
e5 9. d5 f5 10. f3 Nf6 11. Bd3 f4 12. Bf2 h5 13. h3 a6 14. a4 Nbd7 15. Nge2 Nf8
16. Nc1 Ng6 17. Nb3 Kf7 18. a5 g4 19. O-O-O g3 20. Be1 Nh4 21. Qe2 Bf8 22. Na2
c5 23. Nc3 Bd7 24. Bc4 Kg7 25. Rg1 Be7 26. Nb1 Qe8 27. Bc3 Bd8 28. N1d2 Nh7 29.
Rdf1 Ng5 30. Rd1 Rh6 31. Qf1 Nxg2 32. Qxg2 Bxh3 33. Qh1 h4 34. Be2 Bd7 35. Nf1
Kh7 36. Nbd2 Qh5 37. Kb1 Nh3 38. Rg2 Nf2 39. Rxf2 gxf2 40. Nh2 h3 41. Ng4 Bxg4
42. fxg4 Qh4 43. Qf3 Qg3 44. Rh1 Be7 45. Nf1 Qxf3 46. Bxf3 1/2-1/2

[Event "Landesklasse Ost 2012/2013"]
[Site "?"]
[Date "2012.11.04"]
[Round "2"]
[White "Duzy, Stefan"]
[Black "Moje, Hans-Jürgen"]
[Result "1/2-1/2"]
[WhiteElo "1909"]
[BlackElo "1782"]
[PlyCount "40"]
[EventDate "2012.??.??"]
[WhiteTeam "Erfurter Schachklub"]
[BlackTeam "SV Hermsdorf"]

1. e4 e5 2. Nf3 Nc6 3. Bb5 a6 4. Ba4 Nf6 5. O-O b5 6. Bb3 Be7 7. Re1 O-O 8. h3
d6 9. c3 Na5 10. Bc2 c5 11. d4 Qc7 12. Nbd2 Be6 13. d5 Bd7 14. Nf1 c4 15. Ng3
Nb7 16. Nf5 Bxf5 17. exf5 Nc5 18. Bg5 Rfe8 19. Bxf6 Bxf6 20. g4 Qd8 1/2-1/2

[Event "Landesklasse Ost 2012/2013"]
[Site "?"]
[Date "2012.11.04"]
[Round "2"]
[White "Pietzsch, Gerhard"]
[Black "Troyke, Doreen"]
[Result "1/2-1/2"]
[WhiteElo "1804"]
[BlackElo "2025"]
[PlyCount "65"]
[EventDate "2012.??.??"]
[WhiteTeam "SV Hermsdorf"]
[BlackTeam "Erfurter Schachklub"]

1. e4 c5 2. Nf3 d6 3. d4 cxd4 4. Nxd4 Nf6 5. Nc3 a6 6. Be2 e5 7. Nb3 Be7 8. O-O
Be6 9. Be3 O-O 10. f4 exf4 11. Bxf4 Nc6 12. Qd2 Ne5 13. Bxe5 dxe5 14. Qxd8
Rfxd8 15. Rfd1 Bb4 16. Rxd8+ Rxd8 17. Rd1 Rxd1+ 18. Nxd1 Nxe4 19. Bf3 f5 20. a3
Bd6 21. Bxe4 fxe4 22. Kf2 g6 23. Ke3 Kf7 24. Nc3 Bxb3 25. cxb3 Ke6 26. Kxe4 Bc5
27. Ne2 a5 28. Nc1 Bg1 29. h3 Bd4 30. Nd3 Kd6 31. a4 Ke6 32. b4 axb4 33. b3
1/2-1/2

[Event "Landesklasse Ost 2012/2013"]
[Site "?"]
[Date "2012.11.04"]
[Round "2"]
[White "Schneider, Thomas"]
[Black "Markowski, Erhard"]
[Result "1-0"]
[WhiteElo "1864"]
[BlackElo "1713"]
[PlyCount "95"]
[EventDate "2012.??.??"]
[WhiteTeam "Erfurter Schachklub"]
[BlackTeam "SV Hermsdorf"]

1. d4 g6 2. c4 Bg7 3. e4 d6 4. Nc3 Nc6 5. Be3 e5 6. Nge2 Nf6 7. f3 O-O 8. Qd2
exd4 9. Nxd4 Be6 10. O-O-O Qc8 11. Nxc6 bxc6 12. Bh6 Qb7 13. Bxg7 Kxg7 14. g4
Kg8 15. h4 Rab8 16. h5 Qb4 17. b3 d5 18. Qd4 Ne8 19. cxd5 cxd5 20. Qxb4 Rxb4
21. Nxd5 Rb8 22. Bc4 Kg7 23. Ne3 Rb6 24. Rd8 Bxc4 25. Nxc4 Rc6 26. Kb2 Nf6 27.
h6+ Kg8 28. Rhd1 Re6 29. Ne3 Rxd8 30. Rxd8+ Re8 31. Rxe8+ Nxe8 32. Kc3 Kf8 33.
Nd5 f5 34. Kd4 Kf7 35. exf5 gxf5 36. gxf5 c6 37. Nb4 Kf6 38. Nxc6 a6 39. Nb8
Nc7 40. Ke4 Kg5 41. Nd7 Kxh6 42. Nc5 Nb5 43. Ke5 Kg7 44. Nxa6 Kf7 45. Nc5 h5
46. a4 Nc3 47. Ne4 Na2 48. Ng5+ 1-0

[Event "Landesklasse Ost 2012/2013"]
[Site "?"]
[Date "2012.11.04"]
[Round "2"]
[White "Pietsch, Karsten"]
[Black "Fischer, Dieter"]
[Result "0-1"]
[WhiteElo "1661"]
[BlackElo "1941"]
[PlyCount "76"]
[EventDate "2012.??.??"]
[WhiteTeam "SV Hermsdorf"]
[BlackTeam "Erfurter Schachklub"]

1. d4 d5 2. c4 Bf5 3. Nc3 e6 4. Nf3 c6 5. Qb3 Qb6 6. Qxb6 axb6 7. cxd5 exd5 8.
Bf4 Bb4 9. e3 Nf6 10. Nd2 Nbd7 11. Be2 O-O 12. O-O b5 13. Rfc1 Nb6 14. a3 Be7
15. f3 Na4 16. Nd1 Rfe8 17. g4 Bg6 18. Kf2 Nd7 19. Bg3 h5 20. gxh5 Bxh5 21. Bd3
Bg5 22. Nf1 Nab6 23. h4 Bf6 24. Bf5 Nf8 25. Nh2 Ng6 26. Ng4 Bxh4 27. Bxg6 Bxg3+
28. Kxg3 Bxg6 29. Ne5 Bh7 30. Nf2 f6 31. Neg4 Nc4 32. Kf4 Nxb2 33. Rg1 Kf7 34.
Ra2 Nc4 35. Nd1 Rxa3 36. Rh2 g5+ 37. Kg3 Bg6 38. Re1 Nd6 0-1

[Event "Landesklasse Ost 2012/2013"]
[Site "?"]
[Date "2012.11.04"]
[Round "2"]
[White "Wilmar, Andre"]
[Black "Schmidt, Lothar"]
[Result "1/2-1/2"]
[WhiteElo "1904"]
[BlackElo "1957"]
[PlyCount "99"]
[EventDate "2012.??.??"]
[WhiteTeam "Meuselwitzer SV"]
[BlackTeam "SV Schott Jena"]

1. Nf3 g6 2. d4 f5 3. Nc3 Nf6 4. Bf4 Bg7 5. Qd2 e6 6. h4 d6 7. Bh6 Qe7 8. Bxg7
Qxg7 9. e3 Nbd7 10. Bc4 Nb6 11. Bb3 Bd7 12. Ng5 Qe7 13. O-O-O h6 14. Nh3 O-O-O
15. a4 Qe8 16. a5 Na4 17. f3 Nxc3 18. Qxc3 e5 19. Rhe1 a6 20. Nf2 Bc6 21. Nd3
e4 22. Nb4 Bb5 23. d5 Qe5 24. Qd2 g5 25. f4 gxf4 26. exf4 Qe7 27. Qd4 Kb8 28.
c4 Be8 29. Re3 Rg8 30. g3 Nd7 31. Ba4 Nc5 32. Bc2 Rg4 33. Nd3 Nxd3+ 34. Rdxd3
Rxg3 35. Rxg3 exd3 36. Re3 Qxh4 37. Bxd3 Ba4 38. Bxf5 Qh1+ 39. Kd2 Qd1+ 40. Kc3
Qxd4+ 41. Kxd4 Rf8 42. Bg4 Rxf4+ 43. Re4 Rxe4+ 44. Kxe4 c5 45. dxc6 bxc6 46.
Kf5 Bb3 47. Be2 Bc2+ 48. Kf6 Kb7 49. Kg7 Be4 50. Kxh6 1/2-1/2

[Event "Landesklasse Ost 2012/2013"]
[Site "?"]
[Date "2012.11.04"]
[Round "2"]
[White "Osterloh, Felix"]
[Black "Eicke, Andreas"]
[Result "1/2-1/2"]
[WhiteElo "1777"]
[BlackElo "1814"]
[PlyCount "76"]
[EventDate "2012.??.??"]
[WhiteTeam "SV Schott Jena"]
[BlackTeam "Meuselwitzer SV"]

1. Nf3 Nf6 2. g3 d5 3. Bg2 e6 4. d3 Be7 5. O-O O-O 6. Nbd2 b6 7. e4 dxe4 8.
dxe4 Bb7 9. Qe2 Nbd7 10. Rd1 c5 11. e5 Ng4 12. h3 Nh6 13. Nc4 Qc7 14. Bxh6 gxh6
15. Qd2 Rad8 16. Qf4 f6 17. Qxh6 Bxf3 18. Bxf3 Nxe5 19. Be4 Rf7 20. Ne3 Bf8 21.
Qh5 Rxd1+ 22. Rxd1 Rd7 23. f4 Rxd1+ 24. Nxd1 f5 25. fxe5 fxe4 26. Qg4+ Kf7 27.
Qxe4 Bg7 28. Kg2 Qxe5 29. Qxe5 Bxe5 30. b3 Bd4 31. c3 Bg7 32. c4 Bd4 33. Kf3
Kf6 34. Ne3 Bxe3 35. Kxe3 Kf5 36. Kf3 Ke5 37. Ke3 Kf5 38. Kf3 Ke5 1/2-1/2

[Event "Landesklasse Ost 2012/2013"]
[Site "?"]
[Date "2012.11.04"]
[Round "2"]
[White "Kühne, Niklas"]
[Black "Seifert, Michael"]
[Result "1-0"]
[WhiteElo "1752"]
[BlackElo "1724"]
[PlyCount "41"]
[EventDate "2012.??.??"]
[WhiteTeam "Meuselwitzer SV"]
[BlackTeam "SV Schott Jena"]

1. c4 Nf6 2. Nc3 g6 3. g3 Bg7 4. Bg2 d6 5. e3 Nbd7 6. Nge2 O-O 7. O-O e5 8. d4
c6 9. b3 Qe7 10. Ba3 e4 11. Qc2 Re8 12. Rab1 Nf8 13. d5 c5 14. b4 b6 15. bxc5
bxc5 16. Qa4 h5 17. Rb3 Bd7 18. Qa6 Bc8 19. Qa5 N8d7 20. Rfb1 Nb6 21. Rxb6 1-0

[Event "Landesklasse Ost 2012/2013"]
[Site "?"]
[Date "2012.11.04"]
[Round "2"]
[White "Schlachetka, Werner"]
[Black "Schmidt, Jörg"]
[Result "1-0"]
[WhiteElo "1904"]
[BlackElo "1763"]
[PlyCount "89"]
[EventDate "2012.??.??"]
[WhiteTeam "SV Schott Jena"]
[BlackTeam "Meuselwitzer SV"]

1. e4 c5 2. Nf3 e6 3. d3 Nc6 4. g3 Qc7 5. Bg2 Nge7 6. O-O Ng6 7. Nc3 a6 8. h4
Bd6 9. h5 Nge5 10. Nxe5 Bxe5 11. Ne2 b6 12. c3 Bb7 13. Be3 Bf6 14. Rc1 O-O-O
15. d4 d6 16. f4 g6 17. hxg6 hxg6 18. Qc2 Be7 19. b4 c4 20. d5 Nb8 21. dxe6
fxe6 22. Nd4 Qd7 23. f5 gxf5 24. exf5 Bxg2 25. Qxg2 exf5 26. Rxf5 Rdf8 27. Rcf1
Qb7 28. Rxf8+ Rxf8 29. Rxf8+ Bxf8 30. Qxb7+ Kxb7 31. Nf5 d5 32. g4 Nd7 33. Bd4
a5 34. a3 Nb8 35. bxa5 bxa5 36. a4 Kc6 37. g5 Bc5 38. g6 Nd7 39. g7 Nf6 40.
Bxc5 Kxc5 41. Kf2 Ng8 42. Ke3 Kb6 43. Kd4 Kc6 44. Ke5 Kc5 45. Ke6 1-0

[Event "Landesklasse Ost 2012/2013"]
[Site "?"]
[Date "2012.11.04"]
[Round "2"]
[White "Schmidt, Jens"]
[Black "Mauch, Johannes"]
[Result "1/2-1/2"]
[WhiteElo "1756"]
[BlackElo "1632"]
[PlyCount "34"]
[EventDate "2012.??.??"]
[WhiteTeam "Meuselwitzer SV"]
[BlackTeam "SV Schott Jena"]

1. e4 e6 2. d4 d5 3. exd5 exd5 4. Bd3 Bd6 5. Ne2 Ne7 6. O-O Bf5 7. Bf4 O-O 8.
Bxf5 Nxf5 9. Qd3 Qf6 10. Bxd6 Nxd6 11. Nd2 Nc6 12. c3 Rfe8 13. Ng3 Re7 14. Rfe1
Rae8 15. Kf1 Nd8 16. Rxe7 Rxe7 17. Re1 Ne6 1/2-1/2

[Event "Landesklasse Ost 2012/2013"]
[Site "?"]
[Date "2012.11.04"]
[Round "2"]
[White "Richter, Gerhard"]
[Black "Hofmann, Harald"]
[Result "1/2-1/2"]
[WhiteElo "2040"]
[BlackElo "1614"]
[PlyCount "68"]
[EventDate "2012.??.??"]
[WhiteTeam "SV Schott Jena"]
[BlackTeam "Meuselwitzer SV"]

1. Nf3 d5 2. g3 Nf6 3. Bg2 e6 4. d4 Be7 5. c4 c5 6. dxc5 Bxc5 7. cxd5 Nxd5 8.
O-O O-O 9. e4 Nf6 10. Qc2 Qb6 11. Nc3 Be7 12. Rd1 Nc6 13. Be3 Qa5 14. h3 Bb4
15. Bd2 Qb6 16. a3 Be7 17. Be3 Qc7 18. Rac1 a6 19. Na4 Nd7 20. Nd4 Ndb8 21. b4
Bd7 22. Nb6 Qxb6 23. Nxe6 Qxe3 24. fxe3 Bxe6 25. e5 Nd7 26. Bxc6 bxc6 27. Qe4
c5 28. bxc5 Nxc5 29. Qg2 Nb3 30. Rc3 a5 31. a4 Bb4 32. Rc7 Nc5 33. Qc6 Bxh3 34.
Rc1 Nd3 1/2-1/2

[Event "Landesklasse Ost 2012/2013"]
[Site "?"]
[Date "2012.11.04"]
[Round "2"]
[White "Naundorf, Johannes"]
[Black "Werner, Martin"]
[Result "1-0"]
[WhiteElo "1513"]
[BlackElo "1433"]
[PlyCount "43"]
[EventDate "2012.??.??"]
[WhiteTeam "Meuselwitzer SV"]
[BlackTeam "SV Schott Jena"]

1. e4 d5 2. Nc3 d4 3. Nce2 c5 4. d3 e5 5. f4 Nc6 6. Nf3 Bd6 7. g3 Nge7 8. Bg2
Qc7 9. fxe5 Nxe5 10. O-O Bg4 11. c4 O-O-O 12. Nxe5 Bxe5 13. Rxf7 Bf6 14. Bf4
Qd7 15. e5 Qe6 16. exf6 gxf6 17. Nxd4 cxd4 18. Rxe7 Qxe7 19. Qxg4+ Qd7 20.
Qxd7+ Kxd7 21. Re1 b6 22. Bh3+ 1-0

[Event "Landesklasse Ost 2012/2013"]
[Site "?"]
[Date "2012.11.04"]
[Round "2"]
[White "Bönisch, Julian"]
[Black "Blumenthal, Clemens"]
[Result "1-0"]
[WhiteElo "1044"]
[BlackElo "1384"]
[PlyCount "71"]
[EventDate "2012.??.??"]
[WhiteTeam "SV Schott Jena"]
[BlackTeam "Meuselwitzer SV"]

1. e4 e6 2. d4 d5 3. e5 c5 4. c3 Nc6 5. Nf3 Qb6 6. Be2 Bd7 7. O-O Nge7 8. b3
Rc8 9. Be3 cxd4 10. cxd4 Nb4 11. Nbd2 Nf5 12. Rc1 Rxc1 13. Qxc1 Nxa2 14. Qb2
Nb4 15. Rc1 Bc6 16. Nb1 Be7 17. g4 Nxe3 18. fxe3 O-O 19. Nc3 Na6 20. h4 Nb4 21.
Kg2 Be8 22. Na2 Nxa2 23. Qxa2 a6 24. Qc2 Bc6 25. Bd3 g6 26. h5 Qd8 27. Rh1 Kg7
28. Bxa6 Qa5 29. Bd3 Ra8 30. Kg3 Qa2 31. Qd1 Ra3 32. Bc2 Qb2 33. Qe2 Ra2 34.
Ne1 Qc3 35. hxg6 hxg6 36. Qh2 1-0

[Event "Landesklasse Ost 2012/2013"]
[Site "?"]
[Date "2012.11.04"]
[Round "2"]
[White "Schmidt, Uwe"]
[Black "Fuchs, Antje"]
[Result "0-1"]
[WhiteElo "1942"]
[BlackElo "2034"]
[PlyCount "92"]
[EventDate "2012.??.??"]
[WhiteTeam "SV Medizin Erfurt"]
[BlackTeam "TSV Zeulenroda"]

1. Nc3 g6 2. g3 Bg7 3. Bg2 c5 4. d3 Nc6 5. e4 d6 6. f4 e6 7. Nf3 Nge7 8. Ne2 d5
9. e5 O-O 10. c3 b5 11. Be3 c4 12. Ned4 Bd7 13. Nxc6 Bxc6 14. Nd4 Bd7 15. O-O
Rb8 16. h4 Qc7 17. h5 b4 18. hxg6 fxg6 19. Bh3 Nf5 20. Nxf5 gxf5 21. dxc4 bxc3
22. cxd5 Rxb2 23. d6 Qb7 24. Rc1 Rc8 25. Rf2 Qe4 26. Qd4 Qb7 27. Bg2 Qb5 28.
Rxc3 Rb1+ 29. Rf1 Rb2 30. a4 Rxg2+ 31. Kxg2 Qb2+ 32. Rf2 Qxc3 33. Rd2 Qc1 34.
Rd1 Rc2+ 35. Bf2 Qa3 36. Rd3 Bc6+ 37. Kf1 Rc1+ 38. Be1 Qa2 39. Rd2 Qb1 40. d7
Rxe1+ 41. Kf2 Rf1+ 42. Ke2 Bf3+ 43. Ke3 Qe1+ 44. Kd3 Be4+ 45. Kc3 Qc1+ 46. Kb4
Bf8+ 0-1

[Event "Landesklasse Ost 2012/2013"]
[Site "?"]
[Date "2012.11.04"]
[Round "2"]
[White "Liebold, Thomas"]
[Black "Zeuner, Ulrich"]
[Result "0-1"]
[WhiteElo "2032"]
[BlackElo "1979"]
[PlyCount "48"]
[EventDate "2012.??.??"]
[WhiteTeam "TSV Zeulenroda"]
[BlackTeam "SV Medizin Erfurt"]

1. e4 e5 2. Bc4 Be7 3. Qh5 g6 4. Qxe5 Nf6 5. Nc3 Nc6 6. Qg3 Nh5 7. Qe3 Bg5 8.
Qe2 Nf4 9. Qf1 Nd4 10. Kd1 b5 11. Bxb5 Nxb5 12. Qxb5 O-O 13. g3 Ne6 14. f4 Bh6
15. Nf3 c6 16. Qe2 d5 17. e5 c5 18. b3 f6 19. Bb2 fxe5 20. Nxe5 Nd4 21. Qg2 Bb7
22. Re1 Rb8 23. Ne2 Nf5 24. d4 Ne3+ 0-1

[Event "Landesklasse Ost 2012/2013"]
[Site "?"]
[Date "2012.11.04"]
[Round "2"]
[White "Sunderbrink, Heino"]
[Black "Skibbe, Diana"]
[Result "0-1"]
[WhiteElo "1947"]
[BlackElo "1951"]
[PlyCount "110"]
[EventDate "2012.??.??"]
[WhiteTeam "SV Medizin Erfurt"]
[BlackTeam "TSV Zeulenroda"]

1. d4 f5 2. c4 Nf6 3. Nc3 g6 4. Bg5 Bg7 5. Bxf6 Bxf6 6. e4 d6 7. exf5 Bxf5 8.
Bd3 Bxd3 9. Qxd3 Nc6 10. Nf3 O-O 11. O-O e5 12. d5 Ne7 13. Ne4 Nf5 14. Rae1 b6
15. b4 a5 16. a3 axb4 17. axb4 Ra4 18. Ra1 Qa8 19. Qc3 b5 20. Rxa4 bxa4 21.
Nxf6+ Rxf6 22. Ra1 c6 23. dxc6 Qxc6 24. b5 Qe4 25. Re1 Qf4 26. Qc1 Ne7 27. Qxf4
Rxf4 28. Rc1 Nc8 29. Kf1 Nb6 30. Nd2 Nd7 31. g3 Rd4 32. Ke2 Kf7 33. Ke3 Nc5 34.
Rc3 Ke7 35. f3 Kd7 36. f4 Kc7 37. fxe5 dxe5 38. Nf3 Re4+ 39. Kd2 Kb6 40. Ne1
Nb3+ 41. Kd1 Rd4+ 42. Ke2 Na5 43. Nf3 Rxc4 44. Re3 e4 45. Nd2 Rc2 46. Rxe4 Nb3
47. Rxa4 Rxd2+ 48. Kf3 Rxh2 49. Rh4 Rxh4 50. gxh4 Nd4+ 51. Kg4 h6 52. Kf4 Kxb5
53. Ke5 Kc5 54. Kf4 Kd5 55. Kg4 Ke4 0-1